[Event "St Chely d'Aubrac op 2nd"]
[Site "St Chely d'Aubrac"]
[Date "2002.06.29"]
[Round "3"]
[White "Bollore, Jacques"]
[Black "Santo Roman, Marc"]
[Result "0-1"]
[WhiteElo "2153"]
[BlackElo "2417"]
[PlyCount "98"]
[EventDate "2002.06.27"]
[EventType "swiss"]
[EventRounds "7"]
[EventCountry "FRA"]
[SourceTitle "CBM 089 Extra"]
[Source "ChessBase"]
[SourceDate "2002.09.10"]
[SourceVersion "2"]
[SourceVersionDate "2002.09.10"]
[SourceQuality "1"]

1. e4 c5 2. Nf3 e6 3. d4 cxd4 4. Nxd4 Qb6 5. Nb3 Qc7 6. Bd3 Nf6 7. 0-0 d6 8. Nc3 a6 9. a4 b6 10. f4 Nbd7 11. Qe1 Bb7 12. Qg3 g6 13. Bd2 Bg7 14. Rae1 0-0 15. Qh4 d5 16. e5 Ne4 17. Bxe4 dxe4 18. Re3 f5 19. Rh3 h6 20. Be3 Rfd8 21. Qf2 Bf8 22. Rd1 Nc5 23. Rxd8 Rxd8 24. a5 Nxb3 25. Bxb6 Bc5 26. Bxc7 Bxf2+ 27. Kxf2 Rd2+ 28. Ke1 Rxc2 29. Nd1 Nc1 30. Rc3 Nd3+ 31. Kf1 Rd2 32. Ne3 Rxb2 33. Bb6 Rb1+ 34. Ke2 Nxf4+ 35. Kd2 g5 36. Rc7 Bd5 37. Ra7 Nxg2 38. Nxd5 exd5 39. Rxa6 f4 40. e6 e3+ 41. Ke2 Rb2+ 42. Kd3 e2 43. Ra8+ Kh7 44. Bf2 e1Q 45. Bxe1 Nxe1+ 46. Kc3 Re2 47. Re8 f3 48. a6 f2 49. a7 f1Q 0-1